____ & _____ Movie Pairs: Wordcloud Quiz Stats

Quiz Updated Aug 8, 2014

Challenge
Share
Tweet
Score 0/64 Timer 12:00
3 Plays Today
% Correct
Romeo & Juliet
90.6%
Lilo & Stitch
89.7%
Monty Python & the Holy Grail
87.1%
Charlie & The Chocolate Factory
86.8%
The Fast & The Furious
86.4%
Thelma & Louise
85.4%
Dr. Jekyll & Mr. Hyde
85%
Four Weddings & a Funeral
84.8%
Butch Cassidy & The Sundance Kid
83.6%
Pride & Prejudice
81.3%
Bonnie & Clyde
80.6%
Sense & Sensibility
76.2%
Dazed & Confused
75.9%
Three Men & a Baby
75.6%
Angels & Demons
73.5%
Bedknobs & Broomsticks
72.8%
The Princess & The Frog
70.9%
Julie & Julia
69.9%
Guys & Dolls
68.6%
An Officer & a Gentleman
68.5%
Kicking & Screaming
67.6%
Smokey & the Bandit
67.3%
Good Night, & Good Luck.
65.9%
Crime & Punishment
65.7%
Samson & Delilah
60.8%
Stand & Deliver
60.3%
Akeelah & The Bee
58.5%
Arsenic & Old Lace
57.1%
Music & Lyrics
55.7%
Porgy & Bess
55.2%
Kate & Leopold
54.7%
Benny & Joon
51.2%
% Correct
Hustle & Flow
50.5%
Ramona & Beezus
49.2%
Anna & the King of Siam
48.5%
Sky Captain & The World of Tomorrow
48.1%
Sid & Nancy
47.7%
Harold & Maude
47.5%
Hannah & Her Sisters
46.9%
Crimes & Misdemeanors
41.3%
The Pit & the Pendulum
41.2%
Knight & Day
38.4%
The Owl & the Pussycat
36.7%
Observe & Report
35%
Secrets & Lies
27.6%
Gods & Generals
24.6%
Pat Garrett & Billy the Kid
21.6%
Thunderbolt & Lightfoot
20.9%
All This & Heaven Too
20.5%
Body & Soul
20.3%
Fat Man & Little Boy
19.6%
The Falcon & the Snowman
16.8%
Hope & Glory
16.5%
Kind Hearts & Coronets
15%
McCabe & Mrs. Miller
14.8%
Advise & Consent
14%
The Bachelor & the Bobby-Soxer
12.7%
Stanley & Livingstone
12.4%
Nicholas & Alexandra
11%
Hilary & Jackie
9.1%
Melvin & Howard
6.5%
Artists & Models
5.6%
Dominick & Eugene
4.4%
Min & Bill
2.4%

You're not logged in!

Compare scores with friends on all Sporcle quizzes.
Join for Free
OR
Log In

You Might Also Like...

Show Comments

Extras

Top Quizzes Today


Score Distribution

Your Account Isn't Verified!

In order to create a playlist on Sporcle, you need to verify the email address you used during registration. Go to your Sporcle Settings to finish the process.

Report this User

Report this user for behavior that violates our Community Guidelines.

Details: